Statistics for Every Neil Diamond song that hit the Billboard hot 100

Click here to take the quiz!

General Stats

  • This quiz has been taken 29 times
  • The average score is 10 of 53

Answer Stats

Peak Chart PositionYearSong% Correct
41969Sweet Caroline (Good Times Never Seemed So Good)
86%
11972Song Sung Blue
57%
311973"Cherry Cherry" from Hot August Night
52%
61966Cherry, Cherry
52%
201979Forever In Blue Jeans
52%
41971I Am...I Said/Done Too Soon
52%
81981America
52%
11978You Don't Bring Me Flowers
48%
11970Cracklin' Rosie
43%
21981Love On The Rocks
38%
511976I'm A Believer
33%
621984Red Red Wine
33%
101967Girl, You'll Be A Woman Soon
33%
241970Shilo
33%
61981Hello Again
29%
141971Stones/Crunchy Granola Suite
29%
171980September Morn'
24%
211970Solitary Man
24%
221969Brother Love's Travelling Salvation Show
24%
61969Holly Holy
24%
51982Heartlight
24%
581968Brooklyn Roads
19%
221967Kentucky Woman
19%
51974Longfellow Serenade
19%
161978Desiree
19%
341973Be
19%
301970Soolaimón (African Trilogy II)
14%
111976If You Know What I Mean
14%
131967Thank The Lord For The Night Time
14%
111982Yesterday's Songs
10%
111972Play Me
10%
201970He Ain't Heavy...He's My Brother
10%
181967You Got To Me
5%
531986Headed For The Future
5%
161966I Got The Feelin' (Oh No No)
5%
681968Sunday Sun
0%
561973The Last Thing On My Mind
0%
671980The Good Lord Loves You
0%
661883Two-Bit Manchild
0%
651968Front Page Story
0%
751974Skybird
0%
621984Turn Around
0%
361970Do It
0%
551979Say Maybe
0%
531970Until It's Time For You To Go
0%
511968New Orleans
0%
431971Don't Think....Feel
0%
351982Be Mine Tonight
0%
351983I'm Alive
0%
341975I've Been This Way Before
0%
271982On The Way To The Sky
0%
171972Walk On Water
0%
911973The Long Way Home
0%

Score Distribution

Percentile by Number Answered

Percent of People with Each Score

Your Score History

You have not taken this quiz